000 01188nam a2200301 4500
999 _c58044
_d58044
001 RU\PGU\BOOKS\3852
005 20210519123033.0
008 210519s2008 ru ||||| |||| 00| 0 rus d
020 _a9785947233698
041 0 _arus
080 _a159.922.1(075) Б-46
090 _a1895751
_fБ-ка I-54 кн. (У-17151)
091 _aЮ937.4я73-1
091 _a88.3
091 _a15
100 1 _aБендас, Татьяна Владимировна
_911845
245 0 0 _aГендерная психология :
_bУчебное пособие /
_b[для вузов по направлению и специальностям психологии]
_cТ. В. Бендас.
264 _aМосква :
_bПитер,
_c2008ю
300 _a430 стр.
_bил.
_c24 см.
440 _aУчебное пособие
_911846
504 _aБиблиогр.: с. 346-370
653 1 _aВозрастная психология
653 1 _aПсихология личности
653 1 _aასაკობრივი ფსიქოლოგია
653 1 _aპიროვნების ფსიქოლოგია
876 _p3000020827
942 _2udc
_cBK